000 00888nam a2200265Ia 4500
001 21914
005 20260320113324.0
008 260320s9999||||xx |||||||||||||| ||und||
022 _a1579-4326
041 _aING
082 _aHR 616.89 N° 3 2002
_bJAP
100 _a
_e
110 _aAmerican Psychiatric Publishing
245 0 _aAbstracts :
_bthe journals of American Psychiatric Publishing
246 _a
_5
_b
260 _aBarcelona :
_bAmerican Psychiatric Publishing,
_c2002
300 _apáginas 175-277 :
_b
_c28 cm.
_e
440 _a
_n
_v
650 _aMED
653 _aPsiquiatría - Revista
654 _aCCS
700 _aBernardo Arroyo, Miguel; Bobes García, Julio; Pérez Sola, Victor,
_cdirectores
856 _uhttps://accessmedicina-mhmedical-com.ucsp.lookproxy.com/
_zVéase además: Base de datos McGraw Hill Access Medicina
942 _cREV
_dJUS
_fMIP
_2ddc
_n
999 _c21914
_d21914